北京地铁市区线站点2025/02 - Statistics

General Stats
  • This quiz has been taken 10 times
  • The average score is 213 of 435
Answer Stats
Lines Remarks Stations % Correct
1号线(暂缓开通)/6号线/S1线 | 1号线/6号线/S1线 暂缓开通 苹果园
100%
1号线/4号线 西单
100%
1号线 天安门西
100%
1号线 天安门东
100%
1号线/8号线 王府井
100%
1号线/5号线 东单
100%
2号线/3号线 东四十条
100%
2号线/8号线 前门
100%
2号线 和平门
100%
4号线 圆明园
100%
4号线/14号线 北京南站
100%
5号线 天通苑北
100%
5号线 天通苑
100%
5号线 天通苑南
100%
5号线/6号线 东四
100%
7号线/9号线 北京西站
100%
1号线 暂缓开通 福寿岭
88%
1号线/10号线 公主坟
88%
1号线/10号线 国贸
88%
1号线/八通线 四惠
88%
1号线/八通线 四惠东
88%
八通线 传媒大学
88%
7号线/八通线 环球度假区
88%
2号线/19号线 积水潭
88%
2号线/13号线/首都机场线 东直门
88%
2号线 北京站
88%
2号线/5号线 崇文门
88%
2号线/4号线/13号线 西直门
88%
4号线 安河桥北
88%
4号线/10号线 海淀黄庄
88%
5号线/首都机场线 北新桥
88%
6号线/8号线 南锣鼓巷
88%
8号线 金鱼胡同
88%
10号线 金台夕照
88%
1号线 古城
75%
1号线 八角游乐园
75%
1号线/9号线 军事博物馆
75%
1号线/16号线 出站换乘 木樨地
75%
1号线/2号线/19号线(虚拟) 复兴门
75%
1号线/2号线 建国门
75%
1号线/14号线 大望路
75%
7号线/八通线 花庄
75%
2号线/8号线 鼓楼大街
75%
2号线 安定门
75%
2号线/5号线 雍和宫
75%
2号线/4号线 宣武门
75%
3号线/17号线 工人体育场
75%
3号线 朝阳站
75%
3号线 东坝
75%
3号线/12号线 东坝北
75%
4号线 北京大学东门
75%
4号线 中关村
75%
4号线/12号线 人民大学
75%
4号线/7号线 菜市口
75%
大兴线 黄村火车站
75%
大兴线 天宫院
75%
5号线 惠新西街北口
75%
5号线/10号线 惠新西街南口
75%
5号线/10号线/亦庄线 宋家庄
75%
8号线/15号线 奥林匹克公园
75%
10号线/16号线 苏州街
75%
10号线/19号线/大兴机场线 草桥
75%
13号线/昌平线 西二旗
75%
1号线 南礼士路
63%
1号线 永安里
63%
2号线/6号线 朝阳门
63%
2号线/6号线 车公庄
63%
4号线 北宫门
63%
4号线/9号线/16号线 国家图书馆
63%
4号线 动物园
63%
4号线/6号线/19号线 平安里
63%
4号线 西四
63%
4号线 灵境胡同
63%
4号线 陶然亭
63%
大兴线 黄村西大街
63%
5号线 张自忠路
63%
5号线 天坛东门
63%
5号线/14号线 蒲黄榆
63%
6号线/11号线/S1线 金安桥
63%
6号线 北海北
63%
7号线/19号线(虚拟) 广安门内
63%
8号线 奥体中心
63%
8号线 中国美术馆
63%
8号线 天桥
63%
8号线(暂缓开通)/10号线 | 8号线/10号线 暂缓开通 大红门
63%
8号线 火箭万源
63%
10号线/19号线 牡丹园
63%
10号线 亮马桥
63%
10号线/16号线 丰台站
63%
14号线/15号线 望京
63%
1号线 八宝山
50%
1号线 玉泉路
50%
1号线 五棵松
50%
八通线 九棵树
50%
八通线 梨园
50%
2号线 长椿街
50%
2号线 阜成门
50%
4号线/16号线 西苑
50%
4号线 新街口
50%
4号线/10号线 角门西
50%
4号线 公益西桥
50%
19号线/大兴线 新宫
50%
大兴线 西红门
50%
大兴线 高米店北
50%
大兴线 高米店南
50%
大兴线 义和庄
50%
大兴线 生物医药基地
50%
5号线/13号线 立水桥
50%
5号线/15号线 大屯路东
50%
5号线 灯市口
50%
5号线/7号线 磁器口
50%
6号线 海淀五路居
50%
6号线 车公庄西
50%
6号线/10号线 呼家楼
50%
6号线 通州北关
50%
6号线 暂缓开通 通运门
50%
6号线 潞城
50%
7号线/16号线 达官营
50%
7号线 虎坊桥
50%
7号线/8号线 珠市口
50%
7号线 广渠门内
50%
7号线 广渠门外
50%
7号线/10号线 双井
50%
7号线 焦化厂
50%
8号线/13号线 霍营
50%
8号线 育新
50%
8号线 什刹海
50%
8号线/14号线 永定门外
50%
8号线 木樨园
50%
10号线/西郊线 巴沟
50%
10号线/13号线 知春路
50%
10号线 健德门
50%
10号线 安贞门
50%
10号线/13号线 芍药居
50%
10号线/房山线 首经贸
50%
10号线 火器营
50%
12号线/16号线 苏州桥
50%
13号线 上地
50%
13号线 五道口
50%
14号线 暂缓开通 陶然桥
50%
15号线 顺义
50%
15号线 俸伯
50%
16号线 玉渊潭东门
50%
16号线 看丹
50%
17号线 嘉会湖
50%
1号线 万寿路
38%
八通线 高碑店
38%
八通线 管庄
38%
八通线 八里桥
38%
八通线 通州北苑
38%
八通线 果园
38%
八通线 土桥
38%
3号线/10号线 团结湖
38%
3号线/14号线 朝阳公园
38%
3号线 东坝南
38%
4号线 魏公村
38%
5号线 立水桥南
38%
5号线/12号线 和平西桥
38%
5号线 刘家窑
38%
6号线 杨庄
38%
6号线 廖公庄
38%
6号线 花园桥
38%
6号线/9号线 白石桥南
38%
6号线/16号线 二里沟
38%
6号线 东大桥
38%
6号线/14号线 金台路
38%
6号线 青年路
38%
6号线 褡裢坡
38%
6号线 黄渠
38%
6号线 草房
38%
6号线 物资学院路
38%
6号线 北运河西
38%
6号线 北运河东
38%
6号线 东夏园
38%
7号线 湾子
38%
7号线/14号线 九龙山
38%
7号线 垡头
38%
8号线/昌平线 朱辛庄
38%
8号线 平西府
38%
8号线 回龙观东大街
38%
8号线 森林公园南门
38%
8号线/10号线 北土城
38%
8号线 安德里北街
38%
8号线 海户屯
38%
8号线 大红门南
38%
8号线 东高地
38%
8号线 瀛海
38%
9号线/房山线 郭公庄
38%
10号线 知春里
38%
10号线/17号线 太阳宫
38%
10号线 劲松
38%
10号线 潘家园
38%
10号线/14号线/17号线 十里河
38%
10号线 分钟寺
38%
10号线 角门东
38%
10号线 纪家庙
38%
10号线 泥洼
38%
10号线 西钓鱼台
38%
11号线 模式口
38%
11号线 新首钢
38%
12号线/13号线 出站换乘 大钟寺
38%
12号线/13号线 光熙门
38%
12号线 东坝西
38%
13号线 柳芳
38%
13号线/15号线/17号线 | 13号线/15号线/17号线(暂缓开通) 望京西
38%
13号线 北苑
38%
13号线 回龙观
38%
13号线 龙泽
38%
13号线/昌平线 清河站
38%
14号线 园博园
38%
14号线/16号线 丽泽商务区
38%
14号线/19号线 景风门
38%
15号线 清华东路西口
38%
15号线/昌平线 六道口
38%
15号线 崔各庄
38%
15号线 南法信
38%
15号线 石门
38%
16号线 北安河
38%
16号线 富丰桥
38%
16号线 宛平城
38%
17号线 未来科学城北
38%
17号线 未来科学城
38%
17号线 天通苑东
38%
17号线 清河营
38%
17号线 十八里店
38%
7号线(虚拟)/19号线 牛街
38%
19号线 新发地
38%
八通线 双桥
25%
八通线 临河里
25%
3号线 石佛营
25%
3号线 姚家园
25%
4号线 马家堡
25%
大兴线 枣园
25%
大兴线 清源路
25%
5号线 北苑路北
25%
5号线 和平里北街
25%
6号线 西黄村
25%
6号线 田村
25%
6号线/10号线 慈寿寺
25%
6号线 十里堡
25%
6号线 常营
25%
7号线 桥湾
25%
7号线 大郊亭
25%
7号线 百子湾
25%
7号线 化工
25%
7号线 南楼梓庄
25%
7号线 欢乐谷景区
25%
7号线 双合
25%
7号线 黄厂
25%
7号线 郎辛庄
25%
7号线 黑庄户
25%
7号线 万盛西
25%
7号线 万盛东
25%
7号线 群芳
25%
7号线 高楼金
25%
8号线 育知路
25%
8号线 西小口
25%
8号线 永泰庄
25%
8号线 林萃桥
25%
8号线/12号线 安华桥
25%
8号线 和义
25%
8号线 五福堂
25%
8号线 德茂
25%
9号线 白堆子
25%
9号线 六里桥东
25%
9号线/10号线 六里桥
25%
9号线/14号线 七里庄
25%
9号线 丰台东大街
25%
9号线/16号线 丰台南路
25%
9号线 科怡路
25%
9号线 丰台科技园
25%
10号线/昌平线 西土城
25%
10号线/12号线/首都机场线 三元桥
25%
10号线 农业展览馆
25%
10号线 成寿寺
25%
10号线 石榴庄
25%
10号线/14号线 西局
25%
10号线 莲花桥
25%
10号线 车道沟
25%
10号线/12号线 长春桥
25%
11号线 北辛安
25%
12号线 四季青桥
25%
12号线 蓝靛厂
25%
12号线/昌平线 蓟门桥
25%
12号线/19号线 北太平庄
25%
12号线 马甸桥
25%
12号线 安贞桥
25%
12号线/17号线 西坝河
25%
12号线 将台西
25%
12号线/14号线 | 12号线/14号线(暂缓开通) 高家园
25%
12号线 驼房营
25%
14号线 张郭庄
25%
14号线 大瓦窑
25%
14号线 郭庄子
25%
14号线 大井
25%
14号线 东管头
25%
14号线 菜户营
25%
14号线 西铁营
25%
14号线 景泰
25%
14号线 方庄
25%
14号线 北工大西门
25%
14号线 平乐园
25%
14号线 暂缓开通 红庙
25%
14号线 枣营
25%
14号线 东风北桥
25%
14号线 将台
25%
14号线 望京南
25%
14号线 阜通
25%
14号线 东湖渠
25%
14号线 来广营
25%
14号线 善各庄
25%
15号线 北沙滩
25%
15号线 安立路
25%
15号线 关庄
25%
15号线 望京东
25%
15号线 马泉营
25%
15号线 孙河
25%
15号线 国展
25%
15号线 花梨坎
25%
15号线 后沙峪
25%
16号线 温阳路
25%
16号线 稻香湖路
25%
16号线 屯佃
25%
16号线 永丰
25%
16号线 永丰南
25%
16号线 西北旺
25%
16号线 马连洼
25%
16号线 农大南路
25%
16号线 万泉河桥
25%
16号线 万寿寺
25%
16号线 甘家口
25%
16号线 红莲南路
25%
16号线/房山线 东管头南
25%
16号线 榆树庄
25%
16号线 洪泰庄
25%
17号线 红军营
25%
17号线 左家庄
25%
17号线 周家庄
25%
17号线 北神树
25%
17号线 次渠北
25%
17号线/亦庄线 次渠
25%
1号线(虚拟)/2号线(虚拟)/19号线 太平桥
25%
6号线 郝家府
13%
No matching quizzes found
Score Distribution
Percent of People with Each Score
Percentile by Number Answered
Your Score History
You have not taken this quiz